00669nam a2200169 a 450000100100000000500170001000800410002704000250006811000850009324501020017826000340028030000200031470000340033404900090036895201050037799900170048200002998020250502073820.0110428s1980 dr 000 0 spa d aDO-SdBNPbspacBNPHU1 aRepública Dominicana.bOficina Nacional de Administración y Personal 92639810aCurso de adiestramiento :bprogramación enero -marzo /cpresentación Raymundo Amaro Guzmán. aSanto Domingo :bONAP,c1980. a28 p. ;c21 cm.1 aAmaro Guzmán, Raymundo9656 aBNPD 0010718PDaPDbPDcHDd2011-04-28iLF1l0o p29980-10r2020-06-25w2020-06-25yLFPDZNo se presta c29472d29472